000
00285nam a2200097Ia 4500
008
220204s9999 xx 000 0 und d
082
_a
581.1(031)
_b
ENC.6
245
0
_a
Encyclopedia of plant physiology. New series. V 6. Photosynthesis II
260
_a
Berlin
_b
Springer
_c
1979
942
_c
BK
999
_c
33681
_d
33681